[Event "4th Costa Brava"]
[Site "Blanes ESP"]
[Date "1976.10.03"]
[Round "1"]
[White "Visier Segovia, Fernando"]
[Black "Zwaig, Arne"]
[Result "1/2-1/2"]
[WhiteElo "2350"]
[BlackElo "2475"]
[EventDate "1976.10.03"]
[PlyCount "54"]

1.d4 f5 2.Nc3 Nf6 3.Bg5 d5 4.Bxf6 exf6 5.e3 g6 6.Bd3 c6 7.Qf3 Bd6 8.h4 h5 
9.Nge2 Be6 10.Nf4 Bf7 11.g3 Nd7 12.O-O Qe7 13.a3 a5 14.Rfe1 Kf8 15.e4 fxe4
16.Nxe4 dxe4 17.Rxe4 Be5 18.Rae1 Kg7 19.Bf1 Qd6 20.dxe5 Nxe5 21.Qc3 Rad8 
22.Bg2 Qd2 23.Qc5 Rhe8 24.R4e2 Qd4 25.Qxd4 Rxd4 26.Nxh5+ gxh5 27.f4 Ng4 
1/2-1/2

[Event "4th Costa Brava"]
[Site "Blanes ESP"]
[Date "1976.10.03"]
[Round "1"]
[White "Szabo, Laszlo"]
[Black "Marovic, Drazen"]
[Result "1-0"]
[WhiteElo "2525"]
[BlackElo "2485"]
[EventDate "1976.10.03"]
[PlyCount "74"]

1.c4 c5 2.Nf3 Nf6 3.Nc3 Nc6 4.d4 cxd4 5.Nxd4 e6 6.Ndb5 Bb4 7.Bf4 O-O 8.Bd6
Bxd6 9.Nxd6 Qb6 10.Qd2 Nd4 11.e3 Qxd6 12.exd4 b6 13.Be2 Bb7 14.O-O Rac8 
15.Rfd1 Qe7 16.d5 exd5 17.cxd5 a6 18.Bf3 Qd6 19.Qd4 b5 20.Rac1 Rfe8 21.h3 
g6 22.a3 Rc4 23.Qa7 Qb8 24.Qb6 Kg7 25.Re1 Rcc8 26.Rcd1 h5 27.Rxe8 Rxe8 28.
Na2 Qa8 29.Nb4 a5 30.Nc2 Qa6 31.Qd4 Qd6 32.Ne3 b4 33.Nc4 Qa6 34.a4 Qa8 35.
Nd6 Rf8 36.g4 hxg4 37.hxg4 Qb8 1-0

[Event "4th Costa Brava"]
[Site "Blanes ESP"]
[Date "1976.10.03"]
[Round "1"]
[White "Castro Rojas, Oscar Humberto"]
[Black "Sanz Alonso, Francisco Javier"]
[Result "1-0"]
[WhiteElo "2380"]
[BlackElo "2345"]
[EventDate "1976.10.03"]
[PlyCount "45"]

1.e4 c5 2.Nf3 e6 3.d4 cxd4 4.Nxd4 Nf6 5.Nc3 Nc6 6.g3 Bb4 7.Bg2 Bxc3+ 8.
bxc3 O-O 9.O-O Qa5 10.Bd2 d5 11.exd5 exd5 12.c4 Qa4 13.Nxc6 bxc6 14.cxd5 
Nxd5 15.c3 Qc4 16.Qb3 Qe2 17.c4 Nb6 18.Bb4 Rd8 19.Bxc6 Rb8 20.Bd6 Qe6 21.
Rfe1 Qg6 22.c5 Ba6 23.Be4 1-0

[Event "4th Costa Brava"]
[Site "Blanes ESP"]
[Date "1976.10.04"]
[Round "2"]
[White "Visier Segovia, Fernando"]
[Black "Szabo, Laszlo"]
[Result "1/2-1/2"]
[WhiteElo "2350"]
[BlackElo "2525"]
[EventDate "1976.10.03"]
[PlyCount "81"]

1.Nf3 Nf6 2.c4 g6 3.Nc3 Bg7 4.e4 d6 5.d4 O-O 6.Be2 Bg4 7.Be3 Nfd7 8.Qd2 c5
9.d5 Qa5 10.Rc1 Na6 11.Bh6 Nc7 12.h4 Bxf3 13.Bxf3 f6 14.Be3 Ne5 15.Be2 f5 
16.exf5 gxf5 17.g3 Kh8 18.b3 a6 19.O-O b5 20.Bg5 Nf7 21.Bf4 Rab8 22.Rfe1 
Ne5 23.Bg5 bxc4 24.Bxe7 Rfe8 25.Bxd6 cxb3 26.axb3 Rxb3 27.Nb1 Qb6 28.Bxc5 
Qb7 29.Nc3 Rb2 30.Qf4 Nxd5 31.Nxd5 Qxd5 32.Bd4 Qxd4 33.Qxd4 Nf3+ 34.Bxf3 
Rxe1+ 35.Rxe1 Bxd4 36.Re2 a5 37.Rxb2 Bxb2 38.Bc6 Kg7 39.Kg2 Kf6 40.Kf3 Ke5
41.Bd7 1/2-1/2

[Event "4th Costa Brava"]
[Site "Blanes ESP"]
[Date "1976.10.04"]
[Round "2"]
[White "Pomar Salamanca, Arturo"]
[Black "Castro Rojas, Oscar Humberto"]
[Result "1/2-1/2"]
[WhiteElo "2430"]
[BlackElo "2380"]
[EventDate "1976.10.03"]
[PlyCount "82"]

1.c4 Nf6 2.Nc3 d5 3.d4 dxc4 4.e4 e5 5.Nf3 exd4 6.Qxd4 Qxd4 7.Nxd4 Bb4 8.f3
a6 9.Bxc4 O-O 10.Be3 Re8 11.Kf2 Nbd7 12.Rhd1 Bf8 13.Rac1 Ne5 14.Be2 c5 15.
Nf5 b5 16.a4 Bd7 17.axb5 axb5 18.g4 h6 19.h4 b4 20.Nd5 Nxd5 21.Rxd5 Ra2 
22.Rd2 Be6 23.Bxc5 Rc8 24.Bxf8 Rxc1 25.Bxg7 Nxg4+ 26.fxg4 Bxf5 27.Bf6 Bxe4
28.Rd8+ Kh7 29.h5 Ra8 30.Bd3 Bxd3 31.Rxa8 Rf1+ 32.Ke3 Rxf6 33.Kxd3 Rf4 34.
Rc8 Rxg4 35.Rc4 Rg3+ 36.Kd4 Rh3 37.Rxb4 Rh4+ 38.Kc3 Rxh5 39.Rg4 Rh1 40.b4 
f5 41.Rg2 h5 1/2-1/2

[Event "4th Costa Brava"]
[Site "Blanes ESP"]
[Date "1976.10.04"]
[Round "2"]
[White "Marovic, Drazen"]
[Black "Larsen, Bent"]
[Result "0-1"]
[WhiteElo "2485"]
[BlackElo "2625"]
[EventDate "1976.10.03"]
[PlyCount "90"]

1.Nf3 b6 2.c4 Bb7 3.Nc3 e6 4.a3 c5 5.e3 Nf6 6.Be2 Nc6 7.O-O Be7 8.d4 cxd4 
9.exd4 d5 10.cxd5 Nxd5 11.Bd3 Rc8 12.Qe2 Nf6 13.Rd1 O-O 14.Bc2 Na5 15.Ne5 
Nd5 16.Bd2 Nxc3 17.Bxc3 Bd5 18.Rd3 Nc4 19.Rh3 g6 20.a4 f5 21.Nxc4 Bxc4 22.
Bd3 Bd5 23.Ba6 Rc7 24.Rd3 Bd6 25.Re1 Qh4 26.g3 Qf6 27.Re3 Kf7 28.f4 h6 29.
Re5 Bxe5 30.fxe5 Qe7 31.Qd2 Qg5 32.Qe2 Kg7 33.Rf1 Qg4 34.Qxg4 fxg4 35.Rxf8
Kxf8 36.Bd3 Kg7 37.Kf2 Bc4 38.Be4 a5 39.Ke3 g5 40.Bc2 h5 41.Be4 Bd5 42.Bd3
Bb3 43.Be4 Kf7 44.Bg2 Kg7 45.Be4 Rc8 0-1

[Event "4th Costa Brava"]
[Site "Blanes ESP"]
[Date "1976.10.05"]
[Round "3"]
[White "Szabo, Laszlo"]
[Black "Zwaig, Arne"]
[Result "0-1"]
[WhiteElo "2525"]
[BlackElo "2475"]
[EventDate "1976.10.03"]
[PlyCount "136"]

1.c4 Nf6 2.Nf3 e6 3.g3 d5 4.Bg2 dxc4 5.Qa4+ Nbd7 6.O-O a6 7.Qxc4 b5 8.Qc6 
Rb8 9.Qc2 Bb7 10.Nc3 c5 11.d3 Be7 12.Bf4 Rc8 13.a4 b4 14.Nd1 O-O 15.Re1 
Nd5 16.Bd2 e5 17.Ne3 Re8 18.Nc4 Bf8 19.Bh3 Rc7 20.e4 N5b6 21.Bg5 f6 22.Be3
Qe7 23.Nfd2 Nxc4 24.Nxc4 Nb8 25.Nb6 Qf7 26.Rac1 Rc6 27.Nd5 a5 28.Qb3 Kh8 
29.Rc2 Na6 30.Rec1 Rd8 31.Bg2 Nc7 32.Bxc5 Bxc5 33.Rxc5 Rxc5 34.Rxc5 Ne6 
35.Nc7 Bd5 36.Rxd5 Qxc7 37.Rxd8+ Nxd8 38.Bh3 g6 39.Qc4 Qxc4 40.dxc4 Nb7 
41.Bg4 Nc5 42.Bd1 Nxe4 43.b3 Kg7 44.f3 Nc5 45.Kf2 f5 46.Ke3 Kf6 47.h4 h6 
48.f4 exf4+ 49.gxf4 Ne6 50.Bc2 Ke7 51.Bd3 Kf7 52.Bb1 Ke7 53.Bd3 Kf7 54.Bb1
Kf6 55.Bc2 g5 56.hxg5+ hxg5 57.fxg5+ Kxg5 58.Bd1 Kf6 59.c5 Nxc5 60.Kd4 Ne4
61.Bf3 Nd2 62.Bd1 f4 63.Kc5 Ke5 64.Kb5 Kd4 65.Kxa5 Kc5 66.Ka6 Nxb3 67.a5 
Nd4 68.Kb7 b3 0-1

[Event "4th Costa Brava"]
[Site "Blanes ESP"]
[Date "1976.10.05"]
[Round "3"]
[White "Castro Rojas, Oscar Humberto"]
[Black "Marovic, Drazen"]
[Result "1-0"]
[WhiteElo "2380"]
[BlackElo "2485"]
[EventDate "1976.10.03"]
[PlyCount "73"]

1.Nf3 d5 2.c4 e6 3.g3 Nf6 4.Bg2 Be7 5.b3 O-O 6.O-O b6 7.Bb2 Bb7 8.Ne5 Nbd7
9.f4 c5 10.Nc3 a6 11.e3 Rb8 12.d3 Qc7 13.Qe2 Rbd8 14.cxd5 exd5 15.Rac1 
Rfe8 16.d4 Bf8 17.g4 Ne4 18.Nxe4 dxe4 19.dxc5 bxc5 20.Nxf7 Kxf7 21.Qc4+ 
Ke7 22.f5 Qc6 23.Rcd1 Nb6 24.Qg8 Rxd1 25.Rxd1 Nd7 26.Bxg7 Kd8 27.Bc3 Kc8 
28.Qxh7 Ne5 29.h3 Qh6 30.Qxh6 Bxh6 31.Kf2 Nd3+ 32.Ke2 Bg5 33.Rf1 Ne5 34.f6
Nd7 35.Rf5 Bh4 36.g5 a5 37.g6 1-0

[Event "4th Costa Brava"]
[Site "Malgrat del Mar ESP"]
[Date "1976.10.06"]
[Round "4"]
[White "Visier Segovia, Fernando"]
[Black "Castro Rojas, Oscar Humberto"]
[Result "1/2-1/2"]
[WhiteElo "2350"]
[BlackElo "2380"]
[EventDate "1976.10.03"]
[PlyCount "47"]

1.d4 f5 2.Nc3 d5 3.e4 dxe4 4.Bg5 g6 5.Bc4 Bg7 6.Nge2 Nc6 7.Bb5 a6 8.Bxc6+ 
bxc6 9.O-O Nf6 10.Na4 Rb8 11.b3 O-O 12.Qd2 e5 13.Rad1 exd4 14.Nxd4 Qe8 15.
Qc3 h6 16.Bc1 Ng4 17.Qxc6 Qf7 18.Qc5 g5 19.Nc6 Rb5 20.Qe7 Qh5 21.h3 Nxf2 
22.Rd8 Nxh3+ 23.gxh3 Qxh3 24.Bb2 1/2-1/2

[Event "4th Costa Brava"]
[Site "Malgrat del Mar ESP"]
[Date "1976.10.06"]
[Round "4"]
[White "Zwaig, Arne"]
[Black "Sanz Alonso, Francisco Javier"]
[Result "0-1"]
[WhiteElo "2475"]
[BlackElo "2345"]
[EventDate "1976.10.03"]
[PlyCount "79"]

1.g3 Nf6 2.Bg2 c5 3.c4 d5 4.cxd5 Nxd5 5.Nc3 Nc7 6.Nf3 Nc6 7.d3 e5 8.Nd2 
Bd7 9.Nc4 b5 10.Ne3 Rc8 11.O-O Nd4 12.Bd2 Be6 13.f4 exf4 14.gxf4 f5 15.a4 
a6 16.axb5 axb5 17.Ra7 Be7 18.Nc2 O-O 19.e3 Nxc2 20.Qxc2 Qd6 21.Nd1 b4 22.
Nf2 Bh4 23.Rc1 Nd5 24.Qa4 Kh8 25.Qa6 Rc6 26.Qb7 Rg8 27.Rca1 Bd8 28.R1a6 
Rb6 29.Ra8 c4 30.dxc4 Nxf4 31.Rxd8 Qxd8 32.Qxb6 Qxd2 33.Bf1 Qe1 34.Qxe6 
Nxe6 35.Rxe6 Ra8 36.Nd3 Qb1 37.c5 h6 38.Kf2 Ra1 39.Be2 Qh1 40.Kg3 0-1

[Event "4th Costa Brava"]
[Site "Malgrat del Mar ESP"]
[Date "1976.10.07"]
[Round "5"]
[White "Larsen, Bent"]
[Black "Zwaig, Arne"]
[Result "1/2-1/2"]
[WhiteElo "2625"]
[BlackElo "2475"]
[EventDate "1976.10.03"]
[PlyCount "84"]

1.e4 e5 2.Nc3 Nf6 3.Bc4 Nxe4 4.Qh5 Nd6 5.Bb3 Nc6 6.Nb5 g6 7.Qf3 f5 8.Qd5 
Qf6 9.Nxc7+ Kd8 10.Nxa8 b6 11.d3 Bb7 12.h4 Ne7 13.Bg5 Nxd5 14.Bxd5 Qxg5 
15.hxg5 Bxd5 16.Nxb6 axb6 17.Nf3 Nf7 18.a4 Bxf3 19.gxf3 Nxg5 20.Ke2 Ne6 
21.c3 Bd6 22.b4 h5 23.a5 bxa5 24.bxa5 Ke7 25.a6 Ra8 26.Rhb1 h4 27.Kf1 Nc5 
28.d4 exd4 29.cxd4 Nxa6 30.Rb6 Nc7 31.Re1+ Ne6 32.d5 Ra5 33.dxe6 dxe6 34.
Rb7+ Kf6 35.Rh7 Ra4 36.Kg2 Rc4 37.Re2 Bc5 38.Rc7 Rc3 39.Rc6 Kg5 40.Rexe6 
Rc2 41.Rxg6+ Kf4 42.Kh3 Rc3 1/2-1/2

[Event "4th Costa Brava"]
[Site "Malgrat del Mar ESP"]
[Date "1976.10.07"]
[Round "5"]
[White "Sanz Alonso, Francisco Javier"]
[Black "Pomar Salamanca, Arturo"]
[Result "0-1"]
[WhiteElo "2345"]
[BlackElo "2430"]
[EventDate "1976.10.03"]
[PlyCount "48"]

1.g3 d5 2.Bg2 Nf6 3.f4 g6 4.Nf3 Bg7 5.d3 b6 6.Nc3 Bb7 7.e4 dxe4 8.Ng5 Nbd7
9.O-O Nc5 10.d4 Ne6 11.Nxe6 fxe6 12.Nb1 Qd6 13.c3 O-O-O 14.Qa4 h5 15.h4 
Ng4 16.Nd2 Bc6 17.Qxa7 Bxd4+ 18.cxd4 Qxd4+ 19.Kh1 Qd3 20.Qa3 Qe2 21.Qc3 
Bd5 22.Nc4 Bxc4 23.Re1 Qf2 24.b3 Bd3 0-1

[Event "4th Costa Brava"]
[Site "Malgrat del Mar ESP"]
[Date "1976.10.08"]
[Round "6"]
[White "Larsen, Bent"]
[Black "Castro Rojas, Oscar Humberto"]
[Result "0-1"]
[WhiteElo "2625"]
[BlackElo "2380"]
[EventDate "1976.10.03"]
[PlyCount "96"]

1.e4 e5 2.Bc4 Nf6 3.d3 Nc6 4.Nc3 Bc5 5.Bg5 h6 6.Bh4 d6 7.Na4 Be6 8.Nxc5 
dxc5 9.b3 Bxc4 10.bxc4 Qd6 11.Ne2 Nd4 12.Rb1 Nxe2 13.Qxe2 Nd7 14.O-O g5 
15.Bg3 O-O-O 16.Qh5 Qe6 17.h3 Nb8 18.f3 Nc6 19.Bf2 Qe7 20.h4 b6 21.Qg4+ 
Kb7 22.h5 Nb8 23.Bg3 Nd7 24.Qf5 f6 25.Bf2 Nf8 26.g3 Ne6 27.Kg2 Ng7 28.Qg4 
Rhg8 29.Be3 a6 30.a4 a5 31.Rh1 Ka7 32.Kf1 Rgf8 33.Rh2 Qe8 34.Ra1 f5 35.
exf5 Nxf5 36.Bg1 Qc6 37.Kg2 Nd4 38.Kh3 Nxf3 39.Re2 Nh4 40.Re4 Nf3 41.Be3 
Rf6 42.Bc1 Rdf8 43.Bb2 Nd2 44.Rxe5 Rf2 45.Rd5 Nf3 46.Qd7 g4+ 47.Kxg4 Rg8+ 
48.Kf4 Ne5+ 0-1

[Event "4th Costa Brava"]
[Site "Malgrat del Mar ESP"]
[Date "1976.10.08"]
[Round "6"]
[White "Marovic, Drazen"]
[Black "Sanz Alonso, Francisco Javier"]
[Result "1/2-1/2"]
[WhiteElo "2485"]
[BlackElo "2345"]
[EventDate "1976.10.03"]
[PlyCount "86"]

1.d4 Nf6 2.c4 e6 3.Nc3 c5 4.d5 exd5 5.cxd5 g6 6.Nf3 d6 7.g3 Bg7 8.Bg2 O-O 
9.O-O Re8 10.Nd2 a6 11.a4 Nbd7 12.h3 Rb8 13.Nc4 Ne5 14.Na3 Nh5 15.e4 f5 
16.exf5 Bxf5 17.g4 Bxg4 18.hxg4 Qh4 19.gxh5 Rf8 20.h6 Bh8 21.Ne4 Ng4 22.
Qxg4 Qxg4 23.Nc4 b5 24.axb5 axb5 25.Na5 Ra8 26.Ra3 b4 27.Rg3 Qe2 28.Nc6 
Bxb2 29.Be3 b3 30.Nxd6 Ra1 31.Bxc5 Qc2 32.Rxa1 Bxa1 33.Be3 Qd1+ 34.Kh2 b2 
35.Be4 b1=Q 36.Bxb1 Qxb1 37.Rg1 Qa2 38.Ne4 Be5+ 39.Nxe5 Qxd5 40.Nxg6 hxg6 
41.Rxg6+ Kh8 42.Rg4 Qh5+ 43.Kg3 Qh1 1/2-1/2

[Event "4th Costa Brava"]
[Site "Malgrat del Mar ESP"]
[Date "1976.10.08"]
[Round "6"]
[White "Zwaig, Arne"]
[Black "Pomar Salamanca, Arturo"]
[Result "1-0"]
[WhiteElo "2475"]
[BlackElo "2430"]
[EventDate "1976.10.03"]
[PlyCount "81"]

1.g3 e5 2.c4 Nf6 3.Bg2 d5 4.cxd5 Nxd5 5.Nc3 Nb6 6.Nf3 Nc6 7.O-O Be7 8.a3 
a5 9.d3 O-O 10.Be3 Be6 11.Rc1 f5 12.Na4 Nxa4 13.Qxa4 Bf6 14.Rc5 g5 15.Nd2 
f4 16.Rxc6 bxc6 17.Bc5 Bd5 18.Bxf8 Qxf8 19.Rc1 Qf7 20.Rxc6 Bxc6 21.Qxc6 
Rd8 22.Ne4 Be7 23.Qxc7 g4 24.h4 f3 25.exf3 gxf3 26.Bxf3 Bxh4 27.Qxf7+ Kxf7
28.gxh4 Rxd3 29.Be2 Rd4 30.f3 a4 31.Kf2 Kg6 32.Ke3 Kf5 33.Bd3 Kg6 34.f4 
Rd8 35.fxe5 Kf5 36.Nd6+ Ke6 37.Bc4+ Ke7 38.b4 axb3 39.Bxb3 Ra8 40.a4 Rb8 
41.Bc4 1-0

[Event "4th Costa Brava"]
[Site "Malgrat del Mar ESP"]
[Date "1976.10.09"]
[Round "7"]
[White "Castro Rojas, Oscar Humberto"]
[Black "Zwaig, Arne"]
[Result "1/2-1/2"]
[WhiteElo "2380"]
[BlackElo "2475"]
[EventDate "1976.10.03"]
[PlyCount "68"]

1.e4 e5 2.Nc3 Nc6 3.Nf3 Nf6 4.Bb5 Bb4 5.O-O O-O 6.d3 d6 7.Ne2 a6 8.Bxc6 
bxc6 9.c3 Bc5 10.Bg5 h6 11.Be3 Bxe3 12.fxe3 d5 13.Ng3 dxe4 14.dxe4 Qxd1 
15.Raxd1 Nd7 16.Ne1 Nc5 17.b4 Na4 18.Rc1 Be6 19.Nf5 Rfe8 20.c4 a5 21.Nd3 
Rad8 22.Rfd1 g6 23.Nh4 axb4 24.Nxb4 Rxd1+ 25.Rxd1 Nb2 26.Ra1 Nxc4 27.Nxc6 
Nxe3 28.Nf3 f6 29.a4 Nc2 30.Rd1 Bb3 31.Rd3 Bxa4 32.Rc3 Bxc6 33.Rxc6 Nd4 
34.Rxf6 Kg7 1/2-1/2

[Event "4th Costa Brava"]
[Site "Malgrat del Mar ESP"]
[Date "1976.10.09"]
[Round "7"]
[White "Sanz Alonso, Francisco Javier"]
[Black "Visier Segovia, Fernando"]
[Result "1/2-1/2"]
[WhiteElo "2345"]
[BlackElo "2350"]
[EventDate "1976.10.03"]
[PlyCount "25"]

1.c4 Nf6 2.g3 c5 3.Bg2 Nc6 4.Nc3 e6 5.Nf3 Be7 6.O-O O-O 7.d4 d5 8.cxd5 
exd5 9.Bg5 cxd4 10.Nxd4 Re8 11.Rc1 Bg4 12.h3 Bd7 13.Ndb5 1/2-1/2

[Event "4th Costa Brava"]
[Site "Malgrat del Mar ESP"]
[Date "1976.10.09"]
[Round "7"]
[White "Pomar Salamanca, Arturo"]
[Black "Marovic, Drazen"]
[Result "1/2-1/2"]
[WhiteElo "2430"]
[BlackElo "2485"]
[EventDate "1976.10.03"]
[PlyCount "32"]

1.d4 d5 2.c4 c6 3.cxd5 cxd5 4.Nc3 Nf6 5.Bf4 Nc6 6.e3 Bf5 7.Qb3 Na5 8.Bb5+ 
Bd7 9.Qa4 Nc6 10.Nf3 a6 11.Bxc6 Bxc6 12.Qb3 e6 13.Ne5 Bd6 14.O-O O-O 15.
Rac1 Bxe5 16.Bxe5 Ne4 1/2-1/2

[Event "4th Costa Brava"]
[Site "Malgrat del Mar ESP"]
[Date "1976.10.11"]
[Round "8"]
[White "Visier Segovia, Fernando"]
[Black "Pomar Salamanca, Arturo"]
[Result "1/2-1/2"]
[WhiteElo "2350"]
[BlackElo "2430"]
[EventDate "1976.10.03"]
[PlyCount "94"]

1.d4 Nf6 2.c4 e6 3.Nc3 Bb4 4.e3 O-O 5.Bd3 d5 6.Nf3 c5 7.O-O dxc4 8.Bxc4 
Nc6 9.Bd3 Qe7 10.Ne4 Nxe4 11.Bxe4 Rd8 12.a3 Ba5 13.Qa4 Bb6 14.dxc5 Qxc5 
15.Bd2 Bd7 16.Bc3 Rac8 17.Bc2 Qh5 18.Qe4 Qg6 19.Qxg6 hxg6 20.Rfd1 Ba5 21.
b4 Bb6 22.Ba4 Ne5 23.Bxd7 Nxd7 24.Rac1 Nf6 25.Rxd8+ Bxd8 26.Bb2 Rxc1+ 27.
Bxc1 Kf8 28.Kf1 Ke7 29.Ne5 Bc7 30.Bb2 Nh7 31.Ke2 Nf8 32.Bd4 Bxe5 33.Bxe5 
f6 34.Bd4 a6 35.Bc5+ Ke8 36.Bxf8 Kxf8 37.Kd3 Ke7 38.Kd4 Kd6 39.f4 Kc6 40.
a4 f5 41.e4 Kd7 42.e5 Kc6 43.Kc4 b5+ 44.axb5+ axb5+ 45.Kd4 Kb6 46.Ke3 Kc6 
47.Kd4 Kb6 1/2-1/2

[Event "4th Costa Brava"]
[Site "Malgrat del Mar ESP"]
[Date "1976.10.11"]
[Round "8"]
[White "Szabo, Laszlo"]
[Black "Sanz Alonso, Francisco Javier"]
[Result "1-0"]
[WhiteElo "2525"]
[BlackElo "2345"]
[EventDate "1976.10.03"]
[PlyCount "109"]

1.d4 Nf6 2.c4 e6 3.Nc3 c5 4.d5 exd5 5.cxd5 g6 6.e4 d6 7.f4 Bg7 8.Bb5+ Nfd7
9.Bd3 O-O 10.Nf3 Re8 11.O-O Na6 12.Kh1 Nb4 13.Be2 Nf6 14.a3 Na6 15.e5 dxe5
16.fxe5 Ng4 17.Bg5 f6 18.exf6 Bxf6 19.Bxf6 Qxf6 20.d6 Bf5 21.Qd5+ Qf7 22.
Bc4 Be6 23.Ng5 Bxd5 24.Bxd5 Qxd5 25.Nxd5 h6 26.Ne7+ Rxe7 27.dxe7 Re8 28.
Rf8+ Rxf8 29.exf8=Q+ Kxf8 30.Ne6+ Ke7 31.Re1 Kd6 32.Nd8 Kc7 33.Nf7 Nf2+ 
34.Kg1 Nd3 35.Re7+ Kb6 36.Nd6 Kc6 37.Nxb7 Nxb2 38.Na5+ Kb5 39.Rb7+ Kxa5 
40.Rxb2 Nc7 41.Kf2 Nb5 42.Ke3 c4 43.Rf2 Ka4 44.Rf6 Nxa3 45.Rxg6 Kb3 46.
Rxh6 c3 47.Rc6 Nc2+ 48.Ke4 Nb4 49.Rc5 c2 50.h4 Na2 51.Rxc2 Kxc2 52.h5 Nc3+
53.Ke5 Kd3 54.h6 Ne4 55.Kf5 1-0

[Event "4th Costa Brava"]
[Site "Malgrat del Mar ESP"]
[Date "1976.10.11"]
[Round "8"]
[White "Zwaig, Arne"]
[Black "Marovic, Drazen"]
[Result "0-1"]
[WhiteElo "2475"]
[BlackElo "2485"]
[EventDate "1976.10.03"]
[PlyCount "90"]

1.g3 g6 2.Bg2 Bg7 3.c4 c5 4.Nc3 Nc6 5.a3 a5 6.d3 d6 7.Nh3 Nf6 8.O-O h5 9.
Bg5 h4 10.gxh4 Ng4 11.Qd2 Nd4 12.Rae1 Nf5 13.Nd5 f6 14.f3 Ne5 15.f4 Nc6 
16.e4 Nfd4 17.e5 fxg5 18.exd6 Qxd6 19.Nxg5 Bf5 20.Ne4 Bxe4 21.dxe4 e6 22.
e5 Qd8 23.Be4 exd5 24.cxd5 Ne7 25.Qg2 Rh6 26.d6 Nef5 27.Bxf5 Nxf5 28.Qxb7 
Rb8 29.Qc6+ Kf8 30.e6 Bd4+ 31.Kh1 Qxd6 32.e7+ Kg7 33.e8=Q Rxe8 34.Qxe8 
Qd5+ 35.Qe4 Qxe4+ 36.Rxe4 Rxh4 37.Rf3 Bxb2 38.Ra4 Bd4 39.h3 Rh8 40.Rb3 Rc8
41.Rxa5 c4 42.Rb7+ Kh6 43.Rd5 Be3 44.Kg2 c3 45.Rdd7 Bxf4 0-1